MLB - Pitchers 2,500 or more Strikeouts Last Name - S - Statistics

General Stats
  • This quiz has been taken 72 times
  • The average score is 4 of 6
Answer Stats
Strikeouts Pitcher % Correct
3640 Seaver
90%
3084 Smoltz
63%
3574 Sutton
63%
2583 Spahn
62%
2751 Sabathia
52%
3116 Schilling
52%
No matching quizzes found
Score Distribution
Percent of People with Each Score
Percentile by Number Answered
Your Score History
You have not taken this quiz